Top UK 100 Boys Names for 2018 - Statistics

General Stats
  • This quiz has been taken 2,666 times
  • The average score is 44 of 100
Answer Stats
Hint Position Answer % Correct
4 -1 Harry
91%
18 -3 James
88%
21 -9 William
86%
2 - Oliver
84%
6 -1 George
83%
7 -3 Jack
83%
20 +4 Thomas
82%
84 -28 John
80%
34 +7 Daniel
77%
12 +10 Henry
77%
75 -17 David
76%
85 New Sam
75%
64 +2 Matthew
74%
8 +2 Charlie
72%
82 -2 Michael
72%
45 +5 Benjamin
70%
60 +10 Luke
70%
54 New Alex
69%
36 +3 Joseph
67%
52 -18 Edward
66%
17 -4 Joshua
66%
39 +7 Liam
65%
16 -8 Jacob
64%
44 +4 Luca
63%
3 +3 Noah
63%
28 +16 Adam
61%
5 +2 Leo
59%
69 -4 Jake
58%
91 New Louis
58%
49 -12 Samuel
58%
19 -5 Ethan
56%
23 -4 Lucas
56%
13 -4 Oscar
56%
61 -9 Nathan
55%
29 +3 Alexander
53%
9 +7 Freddie
53%
97 -23 Lewis
53%
10 +18 Arthur
52%
11 +6 Alfie
51%
15 +8 Archie
51%
26 -1 Isaac
51%
56 +13 Ryan
51%
25 +6 Max
48%
96 +3 Jamie
47%
14 +12 Theo
47%
58 -11 Zachary
47%
95 -53 Aaron
45%
92 -9 Eli
45%
24 -13 Jackson
45%
38 -5 Dylan
41%
32 +6 Harrison
41%
31 -4 Mason
41%
47 +50 Tommy
40%
83 -1 Albert
39%
33 -3 Elijah
38%
55 +24 Toby
36%
93 -18 Tyler
36%
27 -7 Finley
35%
62 -33 Jayden
35%
22 -4 Logan
35%
59 +34 Frankie
34%
48 +29 Finn
33%
72 -8 Ollie
33%
63 -8 Theodore
32%
35 +14 Elliot
31%
40 +3 Sebastian
31%
86 -65 Aiden
30%
57 -3 Jude
30%
1 - Muhammad
30%
77 +8 Bobby
29%
90 +1 Kai
29%
50 +1 Caleb
27%
51 -6 Riley
27%
66 -9 Hugo
26%
30 +10 Teddy
26%
73 -14 Harvey
25%
80 +8 Stanley
25%
46 +30 Albie
24%
74 +10 Ali
24%
42 +31 Rory
23%
89 New Felix
21%
79 +13 Gabriel
21%
81 +14 Ronnie
21%
78 -7 Harley
20%
41 +27 Hunter
19%
71 -35 Louie
19%
68 +21 Reggie
19%
70 -10 Carter
18%
87 -9 Jesse
18%
43 -8 Reuben
18%
37 +26 Arlo
17%
67 +23 Roman
17%
99 -13 Austin
16%
88 -1 Blake
16%
98 -31 Ellis
16%
94 New Jasper
15%
53 +19 Ezra
14%
76 New Grayson
12%
65 -4 Jenson
12%
100 New Aayan
1%
No matching quizzes found
Score Distribution
Percent of People with Each Score
Percentile by Number Answered
Your Score History
You have not taken this quiz